The Root, The Ground and The Air/ (Record no. 353463)

000 -LEADER
fixed length control field 00530nam a22001937a 4500
003 - CONTROL NUMBER IDENTIFIER
control field OSt
005 - DATE AND TIME OF LATEST TRANSACTION
control field 20180116192408.0
008 - FIXED-LENGTH DATA ELEMENTS--GENERAL INFORMATION
fixed length control field 120410t 2010xxu||||| |||| 00| 0 eng d
040 ## - CATALOGING SOURCE
Transcribing agency 0
082 ## - DEWEY DECIMAL CLASSIFICATION NUMBER
Classification number 745.723
Author Mark AQE
100 ## - MAIN ENTRY--PERSONAL NAME
Personal name Aqeel Solangi
9 (RLIN) 731
245 ## - TITLE STATEMENT
Title The Root, The Ground and The Air/
Statement of responsibility, etc. Aqeel Solangi.
260 ## - PUBLICATION, DISTRIBUTION, ETC.
Place of publication, distribution, etc. Lahore:
Name of publisher, distributor, etc. Topical;
Date of publication, distribution, etc. 2010.
300 ## - PHYSICAL DESCRIPTION
Other physical details ill;
650 ## - SUBJECT ADDED ENTRY--TOPICAL TERM
Topical term or geographic name entry element Painting
9 (RLIN) 732
650 ## - SUBJECT ADDED ENTRY--TOPICAL TERM
Topical term or geographic name entry element Painting
General subdivision Technique
9 (RLIN) 733
942 ## - ADDED ENTRY ELEMENTS (KOHA)
Source of classification or shelving scheme
Koha item type Book
Holdings
Withdrawn status Lost status Source of classification or shelving scheme Damaged status Not for loan Permanent Location Current Location Date acquired Source of acquisition Full call number Barcode Date last seen Copy number Cost, replacement price Price effective from Koha item type
          School of Art Design and Architecture (SADA) School of Art Design and Architecture (SADA) 03/28/2012 Donation 745.723 AQE 2010 SADAD0000039 04/10/2012 01 0.00 04/10/2012 Book
          School of Art Design and Architecture (SADA) School of Art Design and Architecture (SADA) 03/28/2012 Donation 745.723 AQE 2010 SADAD0000040 01/05/2017 02 0.00 01/05/2017 Book
© 2023 Central Library, National University of Sciences and Technology. All Rights Reserved.